| 000 | 00632nam a22002057a 4500 | ||
|---|---|---|---|
| 005 | 20260407144312.0 | ||
| 008 | 260407b |||||||| |||| 00| 0 eng d | ||
| 020 | _a9789339220679 | ||
| 040 | _cAL | ||
| 041 | _aEnglish | ||
| 082 |
_a621.3822 _bKUCI |
||
| 100 |
_aRoman Kuc _9260510 |
||
| 245 | _aIntroduction to digital signal processing | ||
| 260 |
_aNew Delhi _bMcGraw Hill Education (India) Private Limited _c2015 |
||
| 300 |
_axvi,474p. _bPB _c23x15cm. |
||
| 365 |
_aVBI-2645 _b₹562.50 _c₹ _d₹750.00 _e25% _f20-02-2026 |
||
| 650 |
_aSignal Processing _9260511 |
||
| 650 |
_aDigital Techniques _9260512 |
||
| 942 |
_2ddc _cBK |
||
| 999 |
_c241161 _d241161 |
||